000 02322nam a2200421 i 4500
001 ebr10861198
003 CaPaEBR
006 m o d
007 cr cn|||||||||
008 140505t20142014sz a ob 101 0 eng d
020 _z9783038350590
020 _a9783038264408 (e-book)
040 _aCaPaEBR
_beng
_erda
_epn
_cCaPaEBR
035 _a(OCoLC)880458756
050 1 4 _aTS176
_b.M368 2014eb
082 0 4 _a670
_223
245 0 0 _aManufacturing and applied research :
_bselected, peer reviewed papers from the 2014 2nd International Conference on Manufacturing (Manufacturing 2014), February 9-10, 2014, Singapore /
_cedited by Dayun Xu.
264 1 _aDurnten-Zurich, Switzerland :
_bTrans Tech Publications,
_c2014.
264 2 _aDurnten-Zurich, Switzerland ;
_aEnfield, New Hampshire :
_bdistributed worldwide by Trans Tech Publications,
_c[date of distribution not identified]
264 4 _c�2014
300 _a1 online resource (485 pages) :
_billustrations.
336 _atext
_2rdacontent
337 _acomputer
_2rdamedia
338 _aonline resource
_2rdacarrier
490 1 _aAdvanced Materials Research,
_x1662-8985 ;
_vVolume 909
504 _aIncludes bibliographical references at the end of each chapters and indexes.
588 _aDescription based on online resource; title from PDF title page (ebrary, viewed May 2, 2014).
590 _aElectronic reproduction. Palo Alto, Calif. : ebrary, 2014. Available via World Wide Web. Access may be limited to ebrary affiliated libraries.
650 0 _aProduction engineering
_vCongresses.
650 0 _aManufacturing processes
_vCongresses.
650 0 _aIndustrial engineering
_vCongresses.
655 0 _aElectronic books.
700 1 _aXu, Dayun,
_eeditor.
776 0 8 _iPrint version:
_tManufacturing and applied research : selected, peer reviewed papers from the 2014 2nd International Conference on Manufacturing (Manufacturing 2014), February 9-10, 2014, Singapore.
_dDurnten-Zurich, Switzerland : Trans Tech Publications, c2014
_h481 pages
_kAdvanced materials research ; Volume 909.
_x1662-8985
_z9783038350590
797 2 _aebrary.
830 0 _aAdvanced materials research ;
_vVolume 909.
856 4 0 _uhttp://site.ebrary.com/lib/rucke/Doc?id=10861198
_zAn electronic book accessible through the World Wide Web; click to view
999 _c204648
_d204648